Los bancos de germoplasma (Registro nro. 3494)

Detalles MARC
000 -CABECERA
Campo de control 01596cam a2200337 a 4500
005 - FECHA Y HORA DE LA ULTIMA TRANSACCION
Campo de control 20180803165107.0
008 - ELEMENTOS DE LONGITUD FIJA—INFORMACION GENERAL
Campo de control 040527s2003 ck abdo r f000 0 spa d
020 ## - ISBN
ISBN 9589723535
040 ## - FUENTE DE CATALOGACIÓN
Agencia catalogadora original CO-BoPUJ
Agencia transcriptora CO-BoIAVH
Agencia Modificadora CO-BoIAVH
041 0# - IDIOMA
Código de idioma para texto/pista de sonido o título separado Español
044 ## - PAÍS DE PUBLICACIÓN
País de publicación Colombia
082 04 - NUMERO DE CLASIFICACION DECIMAL DEWEY
Número de clasificación 631.523
Número del ítem V29b
100 1# - ASIENTO PRINCIPAL--NOMBRE PERSONAL
Nombre personal Vargas Ávila, Guillermo
9 (RLIN) 8710
245 14 - MENCION DE TITULO
Título Los bancos de germoplasma
Parte restante del título una estrategia para la conservación, generación de conocimiento y uso sostenible de los recursos vegetales amazónicos
Mención de responsabilidad Guillermo Vargas Ávila
250 ## - MENCION DE EDICION
Mención de edición Primera edición
260 ## - PUBLICACION, DISTRIBUCION, ETC. (PIE DE IMPRENTA)
Lugar de publicación, distribución, etc. San José del Guaviare :
Nombre del editor, distribuidor, etc. Instituto Amazónico de Investigaciones Científicas ;
Fecha de publicación, distribución, etc. 2003.
300 ## - DESCRIPCION FISICA
Extensión 91 páginas :
Otros detalles físicos ilustraciones, fotos, mapas y tablas
Dimensiones 24 x 17 cm.
504 ## - NOTA DE BIBLIOGRAFIA, ETC.
Nota de bibliografía Incluye referencias bibliográficas (páginas 81-84) e índice.
650 26 - ASIENTO SECUNDARIO DE MATERIA - TERMINO TEMATICO
Término temático o nombre geográfico como elemento de entrada Germoplasma
Subdivisión geográfica Amazonas (Colombia)
9 (RLIN) 58506
650 24 - ASIENTO SECUNDARIO DE MATERIA - TERMINO TEMATICO
Término temático o nombre geográfico como elemento de entrada Genética vegetal
Subdivisión geográfica Amazonas (Colombia)
9 (RLIN) 58507
650 26 - ASIENTO SECUNDARIO DE MATERIA - TERMINO TEMATICO
Término temático o nombre geográfico como elemento de entrada Reforestación
Subdivisión geográfica Amazonas (Colombia)
9 (RLIN) 58508
650 24 - ASIENTO SECUNDARIO DE MATERIA - TERMINO TEMATICO
Término temático o nombre geográfico como elemento de entrada Taxonomía vegetal
9 (RLIN) 92262
650 26 - ASIENTO SECUNDARIO DE MATERIA - TERMINO TEMATICO
Término temático o nombre geográfico como elemento de entrada Árboles frutales
Subdivisión geográfica Amazonas (Colombia)
9 (RLIN) 58510
650 26 - ASIENTO SECUNDARIO DE MATERIA - TERMINO TEMATICO
Término temático o nombre geográfico como elemento de entrada Árboles maderables
Subdivisión geográfica Amazonas (Colombia)
9 (RLIN) 58511
650 26 - ASIENTO SECUNDARIO DE MATERIA - TERMINO TEMATICO
Término temático o nombre geográfico como elemento de entrada Semillas
Subdivisión geográfica Amazonas (Colombia)
9 (RLIN) 58512
650 24 - ASIENTO SECUNDARIO DE MATERIA - TERMINO TEMATICO
9 (RLIN) 58505
Término temático o nombre geográfico como elemento de entrada Bancos de germoplasma vegetal
Subdivisión geográfica Amazonas (Colombia)
710 1# - ASIENTO SECUNDARIO - NOMBRE CORPORATIVO
Nombre corporativo o de jurisdicción como elemento de entrada Colombia
Unidad subordinada , Ministerio del Medio Ambiente, Vivienda y Desarrollo Territorial
9 (RLIN) 58513
710 2# - ASIENTO SECUNDARIO - NOMBRE CORPORATIVO
Nombre corporativo o de jurisdicción como elemento de entrada Colombia
Unidad subordinada , Presidencia de la República
-- , Plan Nacional de Desarrollo Alternativo
9 (RLIN) 58514
710 2# - ASIENTO SECUNDARIO - NOMBRE CORPORATIVO
Nombre corporativo o de jurisdicción como elemento de entrada Departamento del Guaviare
Unidad subordinada , Gobernación del Guaviare
9 (RLIN) 58515
942 ## - ELEMENTOS ADICIONALES (KOHA)
Sistema de clasificación Dewey Decimal Classification
Tipo de ítem Libro
Existencias
Withdrawn status Lost status Sistema de Clasificación Damaged status No para préstamo Colección Inventariado Ubicación Permanente Ubicación actual Fecha de adquisición Fuente de Valor Valor Total Checkouts Número topográfico Inventario / Código de Barras Date last seen Ejemplar Price effective from Forma de adquisición Tipo de material
    Dewey Decimal Classification     General Inventariado 2017 Bogotá Bogotá 04/12/2012 Instituto 15000.00   LB-631.523 V29b 014833 04/12/2012 Ej. 1 04/12/2012   Libro